Vista normal Vista MARC

Entrada Personal Name

Número de registros utilizados en: 1

001 - CONTROL NUMBER

  • control field: 32978

003 - CONTROL NUMBER IDENTIFIER

  • control field: OSt

005 - DATE AND TIME OF LATEST TRANSACTION

  • control field: 20210310230209.0

008 - FIXED-LENGTH DATA ELEMENTS

  • fixed length control field: 210310|| aca||aabn | a|a d

040 ## - CATALOGING SOURCE

  • Original cataloging agency: OSt
  • Transcribing agency: OSt

100 ## - HEADING--PERSONAL NAME

  • Personal name: Goméz Araujo, Luis Alberto

670 ## - SOURCE DATA FOUND

  • Source citation: Work cat.: (OSt): Goméz Araujo, Luis Alberto, Derecho Societario Colombiano-Asamblea General de Accionistas (Con Doctrinas de las Superintendencias de Sociedades y Bancaria), 1979